Out past the stars / (Record no. 47876)
| 000 -LEADER | |
|---|---|
| fixed length control field | 00958nam a2200145 4500 |
| 020 ## - INTERNATIONAL STANDARD BOOK NUMBER | |
| International Standard Book Number | 9780356512402 |
| 245 ## - TITLE STATEMENT | |
| Title | Out past the stars / |
| Statement of responsibility, etc | K. B. Wagers. |
| 260 ## - PUBLICATION, DISTRIBUTION, ETC. (IMPRINT) | |
| Place of publication, distribution, etc | Great Britain: |
| Name of publisher, distributor, etc | Orbit; |
| Date of publication, distribution, etc | 2021. |
| 300 ## - PHYSICAL DESCRIPTION | |
| Extent | 389 p. |
| Dimensions | 19 cm. |
| 490 ## - SERIES STATEMENT | |
| Series statement | The Farian war; Bk.3 |
| 520 ## - SUMMARY, ETC. | |
| Summary, etc | "When Hail confronts the Farian gods, the last thing she expected was to discover that they were part of a race of aliens who'd attacked the galaxy long before humanity's ancestors had crawled out of the sludge of Earth's oceans. The discovery carries with it dire news: The Hiervet, who'd once subjugated the mighty Svatir, are coming - a consequence of Hail's decision not to kill the Farian gods. Now the fate of the galaxy is on the line and Hail will have to make one final gamble to leverage chaos into peace"-- |
| 650 ## - SUBJECT ADDED ENTRY--TOPICAL TERM | |
| Topical term or geographic name as entry element | Human-alien encounters. Imaginary wars and battles. Interstellar travel. |
| Form subdivision | Fiction. |
| 9 (RLIN) | 85689 |
| 655 ## - INDEX TERM--GENRE/FORM | |
| Genre/form data or focus term | Science Fiction. |
| 942 ## - ADDED ENTRY ELEMENTS (KOHA) | |
| Source of classification or shelving scheme | |
| Koha item type | YA FIC BOOKS |
| Withdrawn status | Lost status | Source of classification or shelving scheme | Damaged status | Not for loan | Collection code | Home library | Current library | Date acquired | Full call number | Barcode | Date last seen | Price effective from | Koha item type |
|---|---|---|---|---|---|---|---|---|---|---|---|---|---|
| SECONDARY | Asian Hope Secondary Library | Asian Hope Secondary Library | 11/19/2024 | YA FIC WAG BK. 3 | 206658 | 01/16/2026 | 11/19/2024 | YA FIC BOOKS |